| 000 | 01043nmm a2200325 a 4500 | ||
|---|---|---|---|
| 003 | AR-BaBNM | ||
| 005 | 20251128203053.0 | ||
| 008 | 206119s1966 ||||||||||||||000 | spa|| | ||
| 040 | _cAR-BaBNM | ||
| 100 | 1 | _aDimer, Alicia K. de | |
| 245 | 1 | 0 | _aCooperativas escolares |
| 260 |
_aBuenos Aires _bFACC _c1966 |
||
| 300 | 0 |
_a221 p. _btablas |
|
| 500 | 0 | _aFAAC: FEDERACION ARGENTINA DE COOPERATIVAS DE CONSUMO | |
| 500 | 0 | _aContiene como apéndice el texto de las disposiciones sobre cooperativas escolares adoptadas por el Consejo Nacional de Educación | |
| 504 | _aBibliografía: p. 207-211 | ||
| 650 | 4 | _aCOOPERATIVAS ESCOLARES | |
| 650 | 4 | _aEDUCACION COOPERATIVA | |
| 650 | 4 | _aLEGISLACION COOPERATIVA | |
| 650 | 4 | _aCOOPERATIVAS | |
| 650 | 4 | _aEDUCACION DEL CONSUMIDOR | |
| 650 | 4 | _aEDUCACION PARA EL DESARROLLO | |
| 650 | 4 | _aEDUCACION PARA EL TRABAJO | |
| 653 | 0 | _aEDUCACION PRIMARIA | |
| 653 | 0 | _aEDUCACION SECUNDARIA | |
| 653 | 0 | _aTEMAS TRANSVERSALES | |
| 700 | 1 | _aDrimer, Bernardo | |
| 942 | _cBK | ||
| 998 | _cSILVI | ||
| 999 |
_c1753 _d1753 |
||